Giáo trình kinh tế thủy sản
Nội dung giáo trình gồm có tám chương. Chương 1 trình bày vị trí của ngành thủy sản trong nông nghiệp và trong nền kinh tế Việt Nam; những đặc điểm của ngành thủy sản nói chung và ngành thủy sản Việt Nam nói riêng. Chương 2 giới thiệu nội dung...
שמור ב:
| מחבר ראשי: | |
|---|---|
| פורמט: | ספר |
| שפה: | Undetermined |
| יצא לאור: |
Hà Nội
Lao động - Xã hội
2005
|
| נושאים: | |
| תגים: |
הוספת תג
אין תגיות, היה/י הראשונ/ה לתייג את הרשומה!
|
| Thư viện lưu trữ: | Trung tâm Học liệu Trường Đại học Cần Thơ |
|---|
| LEADER | 01365nam a2200217Ia 4500 | ||
|---|---|---|---|
| 001 | CTU_110631 | ||
| 008 | 210402s9999 xx 000 0 und d | ||
| 020 | |c 40000 | ||
| 082 | |a 338.3727 | ||
| 082 | |b Th116 | ||
| 100 | |a Vũ, Đình Thắng | ||
| 245 | 0 | |a Giáo trình kinh tế thủy sản | |
| 245 | 0 | |c Vũ Đình Thắng, Nguyễn Viết Trung (Đồng chủ biên) | |
| 260 | |a Hà Nội | ||
| 260 | |b Lao động - Xã hội | ||
| 260 | |c 2005 | ||
| 520 | |a Nội dung giáo trình gồm có tám chương. Chương 1 trình bày vị trí của ngành thủy sản trong nông nghiệp và trong nền kinh tế Việt Nam; những đặc điểm của ngành thủy sản nói chung và ngành thủy sản Việt Nam nói riêng. Chương 2 giới thiệu nội dung cơ bản về quan hệ sản xuất trong ngành thủy sản Việt Nam. Các chương 3, 4,5, 6 và 7 đề cập những vấn đề kinh tế sử dụng nguồn lực và nguồn lợi thủy sản; kinh tế học về nuôi trồng, khai thác, chế biến và thị trường thủy sản ở Việt Nam. | ||
| 650 | |a Fisheries | ||
| 650 | |x Economic aspects | ||
| 904 | |i Minh | ||
| 980 | |a Trung tâm Học liệu Trường Đại học Cần Thơ | ||